L'histoire du droit des femmes en France - Statistiques

Statistiques générales
  • Ce quiz a été pris 457 fois
  • Le résultat moyen est 6 sur 15
Statistiques - réponses
Question Réponse % Correct
Elle rédige la "Déclaration des droits de la femme et de la citoyenne"... et finit sur l'échafaud Olympe de Gouges
92%
Comment appelle-t-on la barrière symbolique qui empêche beaucoup de femmes d'accéder à des postes à responsabilité ? Le plafond de verre
70%
Avant 1965, une femme ne pouvait pas : travailler sans l'autorisation de son mari
63%
En 1970, "l'autorité parentale" a remplacé la "puissance paternelle". Mais quand ce concept a-t-il été étendu à tous les enfants, quelle que soit la situation des parents (mariés, concubins, divorcés, séparés) 1993
43%
Mais ce droit a été abrogé. La loi actuelle le permettant date de : 1975
41%
La loi instaurant le droit de vote pour les femmes a été instaurée par le Gouvernement provisoire de la République française
40%
En 1970, l'Ecole polytechnique devient mixte
38%
En 1924, grande nouveauté : Les programmes du bac sont désormais les mêmes pour les filles et les garçons
37%
La loi française permettant la contraception est : la loi Neuwirth en 1967
35%
La première loi permettant le divorce par consentement mutuel date de : 1792
27%
Promulgation de la première loi sur la parité politique 2000
27%
Aujourd'hui, l'écart des salaires entre hommes et femmes, à travail égal, est de 9%
26%
Marguerite Yourcenar est la première femme élue à l'Académie française. C'était quand ? en 1980
23%
Quel grand principe a été admis en 1972 ? A travail égal, salaire égal
18%
La femme peut posséder un passeport, une carte d'identité, un compte en banque, sans l'autorisation de son mari 1938
16%
Aucun quiz correspondant
Distribution des résultats
% des personnes avec chaque résultat
Percentile par nombre de réponses
Votre historique - résultats
Vous n’avez pas pris ce quiz